000 00704nam a2200241Ia 4500
003 GCL
008 140319s9999 xx 000 0 ara d
040 _aGCL /
_cGCL
082 0 4 _a953
_bب ت
100 1 _aحمزة طاهر
245 1 0 _aتاريخ الحضارة الاسلامية /
_cحمزة طاهر
700 1 _aبارتولد، ف
260 _a[S.N] :
_bدار المعارف ،
_c1966
300 _a160 ص
490 _a
650 0 4 _aالاسلام
650 0 4 _aالاسلام والمسيحية
650 0 4 _aايران
650 0 4 _aالتاريخ الاسلامى
650 0 4 _aانتشار الاسلام
650 0 4 _aالحضارة الاسلامية
942 _2ddc
_cBK
999 _c28349
_d28349